STN EN ISO 10993-1: 2010 (85 6510) [neplatná], Biologické hodnotenie zdravotníckych pomôcok Časť 1 Hodnotenie a skúšanie v systéme manažérstva rizika (ISO 10993-1: 2009)
Táto norma je slovenskou verziou európskej normy EN ISO 10993-1: 2009. Preklad zabezpečil Slovenský ústav technickej normalizácie. Má rovnaké postavenie ako majú oficiálne verzie
| Other Authors: | , |
|---|---|
| Format: | Book |
| Language: | Slovak English |
| Published: |
Bratislava
Slovenský ústav technickej normalizácie
2010
|
| Subjects: |
MARC
| LEADER | 00000cam a2200000 a 4500 | ||
|---|---|---|---|
| 001 | vtls010096436 | ||
| 003 | SK-MaSNL | ||
| 005 | 20260301131254.0 | ||
| 008 | 160624s2010 xo a f u 000 0 slo | ||
| 015 | |a SNBN2010/04-02465 | ||
| 020 | |c (cen. skup. 12) | ||
| 040 | |a SNK |b slo |c SNK |e AACR2 | ||
| 041 | 1 | |a slo |h eng | |
| 044 | |a xo |c SK | ||
| 046 | |a m |m 20100501 (účin.) |n 20210601 (zruš.) | ||
| 072 | 7 | |a 615 |x Farmácia. Farmakológia |2 konspekt | |
| 080 | |a 615.46/.47 |2 2001 | ||
| 080 | |a 006.7/.8 |2 2001 | ||
| 080 | |a (437.6) |2 2001 | ||
| 080 | |a (4) |2 2001 | ||
| 084 | |a 11.100.20 |2 ICS | ||
| 130 | 0 | |a STN 85 6510 (STN EN ISO 10993-1) [neplatná] |9 480291 | |
| 245 | 1 | 0 | |a STN EN ISO 10993-1: 2010 (85 6510) [neplatná], Biologické hodnotenie zdravotníckych pomôcok |n Časť 1 |p Hodnotenie a skúšanie v systéme manažérstva rizika (ISO 10993-1: 2009) |
| 246 | 1 | 0 | |a Biologické hodnotenie zdravotníckych pomôcok. Časť 1 |
| 246 | 1 | 0 | |a Hodnotenie a skúšanie v systéme manažérstva rizika (ISO 10993-1: 2009) |
| 246 | 3 | 0 | |a EN ISO 10993-1: 2009 E |
| 260 | |a Bratislava |b Slovenský ústav technickej normalizácie |c 2010 | ||
| 300 | |a 28 s. |b tab. |c 30 cm | ||
| 500 | |a Súbežný názov v angličtine, francúzštine, nemčine | ||
| 500 | |a Táto norma nahrádza STN EN ISO 10993-1 z decembra 2009 v celom rozsahu | ||
| 500 | |a [Norma je nahradená normou STN EN ISO 10993-1 z júna 2021 v celom rozsahu] | ||
| 500 | |a Spracovateľ: Miroslav Kočan, Natália Kočanová | ||
| 504 | |a Citované normy, súvisiace právne predpisy s. 2 ; literatúra s. 28 | ||
| 520 | 8 | |a Táto norma je slovenskou verziou európskej normy EN ISO 10993-1: 2009. Preklad zabezpečil Slovenský ústav technickej normalizácie. Má rovnaké postavenie ako majú oficiálne verzie | |
| 540 | |a STN vydané na akomkoľvek nosiči sa môžu rozmnožovať a rozširovať iba so súhlasom určenej právnickej osoby |b SÚTN Bratislava |c zákon 264/1999 Z.z. | ||
| 650 | 0 | 7 | |a zdravotnícke pomôcky |2 SVKBBPH |9 69209 |
| 650 | 0 | 7 | |a technické normy a štandardy |z Slovensko |2 SVKBBPH |9 79594 |
| 650 | 0 | 7 | |a technické normy a štandardy |z krajiny Európskej únie |2 SVKBBPH |9 289341 |
| 655 | 7 | |a normy |2 SVKBBPH |9 70643 | |
| 700 | 1 | |a Kočan, Miroslav |4 trl |9 320869 | |
| 700 | 1 | |a Kočanová, Natália |4 trl |9 309870 | |
| 710 | 2 | |a Slovenský ústav technickej normalizácie (Bratislava, Slovensko) |b TK 102 Zdravotnícke pomôcky |4 stn |9 324385 | |
| 852 | |a Štátna vedecká knižnica v Banskej Bystrici | ||
| 958 | |a OP | ||
| 958 | |a NB | ||
| 999 | |c 747421 |d 749351 | ||
| 952 | |a SNK |b SNK |y PREZ |7 0 |p 17A0663766 |o snkSTN EN ISO 10993-1 |i snk2010/12882 |8 0 |0 0 |1 0 |4 0 |d 2010-06-11 |l 0 |r 2026-02-23 23:20:45 |w 2026-02-23 | ||
| 952 | |a SNK |b SNK |y PREZ |7 0 |p 17A0663767 |o snkSTN EN ISO 10993-1 D1 |i snk2010/12883 |8 0 |0 0 |1 0 |4 0 |d 2010-06-11 |l 0 |r 2026-02-23 23:20:45 |w 2026-02-23 | ||


